• 首页
  • 本馆介绍
  • 公告通知
  • 最新文献
  • 馆藏检索
  • 电子资源
  • 读者导购
  • 参考咨询
  • 我的图书馆
  • 登录
  • 详细信息显示
  • 放入我的书架
  • 预约/预借图书
  • 作者相关作品
  • 分类相关作品
  • 丛书相关作品
  • 出版社相关作品

书目信息

  • 表格格式
  • 工作单格式
  • 卡片格式
题名:
如何报告调查结果
    
 
作者: 芬克 著 ;黄清 译
分册:  
出版信息: 北京   中国劳动社会保障出版社  2004
页数: 88页
开本: 21cm
丛书名: 调研工具箱丛书
单 册:
中图分类: C3
科图分类:
主题词: 调查报告--基本知识 , 社会科学--研究方法
电子资源:
ISBN: 7-5045-4441-8
000 01043oam2 2200301 45
001 0900000017795
005 20051223110334.15
010    @a7-5045-4441-8@dCNY8.00
092    @aCN
100    @a20041203d2004 ekmy0chiy0120 ea
101 1  @achi@ceng
105    @aak z 000yy
200 1  @a如何报告调查结果@9ru he bao gao diao cha jie guo@d= How to Report on Surveys@f(美)阿琳·芬克著@F(mei)a lin·fen ke zhu@g黄清译@zeng
210    @a北京@c中国劳动社会保障出版社@d2004
215    @a88页@c图@d21cm
225 2  @a调研工具箱丛书@v10
305    @a本书原版英文版为第2版,中文译文版为第1版
330    @a本书旨在帮助读者准备并解释精确、有用的调查结果报告的技能,涉及调查结果的表述,如何介绍调查项目,以及书面报告等。
461  0 @12001 @a调研工具箱丛书
510 1  @aHow to Report on Surveys@zeng
606 0  @a调查报告@x基本知识
606 0  @a社会科学@x研究方法
690    @aC3@v4
701  0 @a芬克@Afen ke@4著
702  0 @a黄清@9huang qing@4译
801  0 @aCN@bCXYBOOK@c20051223
905    @a10447@dC3@e167:10
999    @aHSJ@eJDD
    
    如何报告调查结果= How to Report on Surveys/(美)阿琳·芬克著/黄清译.-北京:中国劳动社会保障出版社,2004
    88页:图;21cm.-(调研工具箱丛书;10)
    
    
    ISBN 7-5045-4441-8:CNY8.00
    本书旨在帮助读者准备并解释精确、有用的调查结果报告的技能,涉及调查结果的表述,如何介绍调查项目,以及书面报告等。
●
相关链接 在E读中查询图书 在五车中查询图书 在当当中查询图书 在豆瓣中查询图书


正题名:如何报告调查结果     索取号:C3/167:10         预约/预借

序号 登录号 条形码 馆藏地/架位号 状态 备注
1 0372391   203723916   第一样本阅览室/ [索取号:C3/167:10] 在馆    
2 0372392   203723925   第一借阅区/ [索取号:C3/167:10] 在馆    
3 0372393   203723934   第一借阅区/ [索取号:C3/167:10] 在馆    
4 0372394   203723943   第一借阅区/ [索取号:C3/167:10] 在馆    
5 0372395   203723952   第一借阅区/ [索取号:C3/167:10] 在馆    
6 0372396   203723961   第一借阅区/ [索取号:C3/167:10] 在馆    
唐山师范学院图书馆 欢迎您!
大连网信软件有限公司© 版权所有